LDR 00766naa#a2200169#i#450# 001 EN\\bibl\120692 005 20260604210943.4 011 ## _a2687-0185 100 ## _a20251202b2025####ek#y0engy0150####ca 102 ## _aRU 200 1# _aOn the issue of the use by operative units of internal affairs agencies of information and analytical records of federal executive bodies to solve problems of counteracting extremist activities of religious associations _eJournal article 210 1# _aMoscow _cMoscow University of the Ministry of Internal Affairs of Russia named after V.Ya. Kikot _d2025 215 ## _a5 с. 608 ## _aJournal article _2local 675 ## _aПраво. Юридические науки. 34 _z 700 #1 _aVihlyaev _gAleksandr Aleksandrovich 856 4# _amosumvd.editorum.ru _u